000 00466nam a2200145 a 4500
001 000006703
005 20200929153958.0
008 090902s2008 dr 001 spa d
040 _aDO-SdBNP
_bspa
_cBNPHU
082 _axxx
_bR311c
110 1 _aRepública Dominicana.
_bSuprema Corte de Justicia
_97906
245 1 3 _aEl recurso de casación en la constitución de la República Dominicana.
260 _aSanto Domingo, :
_bCorripio,
_c2008.
300 _a168 p. ;
_c20 cm.
999 _c6492
_d6492